Umiujaq Airport Destinations (Umiujaq, Canada) - Statistics

General Stats
  • This quiz has been taken 4 times
  • The average score is 3 of 8
Answer Stats
Airline Destination % Correct
Air Inuit Montréal (Trudeau)
100%
Air Inuit Inukjuak
50%
Air Inuit Akulivik
25%
Air Inuit Ivujivik
25%
Air Inuit Kuujjuarapik
25%
Air Inuit Puvirnituq
25%
Air Inuit Salluit
25%
Air Inuit Sanikiluaq
25%
No matching quizzes found
Score Distribution
Percent of People with Each Score
Percentile by Number Answered
Your Score History
You have not taken this quiz